[Event "Team men PL"]
[Site "Sochi"]
[Date "2020.11.26"]
[Round "7.21"]
[White "Predke, Alexandr"]
[Black "Paravyan, David"]
[Result "1/2-1/2"]
[BlackElo "2654"]
[WhiteElo "2696"]
[LiveChessVersion "1.4.8"]

1.d4 {[%clk 1:29:02]} Nf6 {[%clk 1:30:53]} 2.c4 {[%clk 1:29:25]}
g6 {[%clk 1:31:19]} 3.Nc3 {[%clk 1:29:51]} d5 {[%clk 1:31:45]}
4.cxd5 {[%clk 1:29:41]} Nxd5 {[%clk 1:32:11]} 5.Bd2 {[%clk 1:30:07]}
Bg7 {[%clk 1:32:38]} 6.e4 {[%clk 1:30:27]} Nxc3 {[%clk 1:33:04]}
7.Bxc3 {[%clk 1:30:50]} Nc6 {[%clk 1:33:33]} 8.Bb5 {[%clk 1:25:08]}
O-O {[%clk 1:33:39]} 9.Ne2 {[%clk 1:23:28]} Qd6 {[%clk 1:33:45]}
10.Qd2 {[%clk 1:09:38]} Rd8 {[%clk 1:33:58]} 11.Rd1 {[%clk 1:05:19]}
a5 {[%clk 1:34:25]} 12.a3 {[%clk 0:57:09]} Na7 {[%clk 1:28:52]}
13.Bd3 {[%clk 0:54:42]} e5 {[%clk 1:19:53]} 14.dxe5 {[%clk 0:44:49]}
Bxe5 {[%clk 1:19:50]} 15.Qg5 {[%clk 0:44:59]} Nc6 {[%clk 0:54:58]}
16.Bc2 {[%clk 0:45:10]} Bxc3+ {[%clk 0:55:23]} 17.Nxc3 {[%clk 0:45:16]}
Nd4 {[%clk 0:55:41]} 18.O-O {[%clk 0:40:40]} f6 {[%clk 0:55:44]}
19.Qh4 {[%clk 0:34:25]} c5 {[%clk 0:34:48]} 20.Nb5 {[%clk 0:12:19]}
Qb6 {[%clk 0:26:36]} 21.Nxd4 {[%clk 0:12:17]} Rxd4 {[%clk 0:26:20]}
22.Rxd4 {[%clk 0:11:36]} cxd4 {[%clk 0:26:46]} 23.Bd3 {[%clk 0:12:04]}
Bd7 {[%clk 0:21:46]} 24.e5 {[%clk 0:11:24]} Rf8 {[%clk 0:20:58]}
25.exf6 {[%clk 0:10:37]} Qxf6 {[%clk 0:21:11]} 26.Qg3 {[%clk 0:09:18]}
Re8 {[%clk 0:16:43]} 27.b4 {[%clk 0:07:47]} axb4 {[%clk 0:15:32]}
28.axb4 {[%clk 0:08:14]} Qe5 {[%clk 0:13:41]} 29.Qxe5 {[%clk 0:05:55]}
Rxe5 {[%clk 0:14:06]} 30.Rc1 {[%clk 0:06:18]} Kf7 {[%clk 0:10:01]}
31.Kf1 {[%clk 0:06:02]} Ke6 {[%clk 0:09:31]} 32.Rc4 {[%clk 0:05:46]}
Bb5 {[%clk 0:04:12]} 33.Rxd4 {[%clk 0:05:58]} Bxd3+ {[%clk 0:04:39]}
34.Rxd3 {[%clk 0:06:24]} Re4 {[%clk 0:05:07]} 35.Rh3 {[%clk 0:04:46]}
h5 {[%clk 0:05:31]} 36.Rg3 {[%clk 0:04:51]} Kf5 {[%clk 0:04:32]}
37.Rf3+ {[%clk 0:05:14]} Ke5 {[%clk 0:04:37]} 38.Rg3 {[%clk 0:05:41]}
Kf5 {[%clk 0:05:02]} 39.Rb3 {[%clk 0:00:59]} b5 {[%clk 0:05:08]}
40.h3 {[%clk 0:30:57]} h4 {[%clk 0:32:18]} 41.g3 {[%clk 0:29:53]}
hxg3 {[%clk 0:23:23]} 42.fxg3 {[%clk 0:30:07]} Kg5 {[%clk 0:22:44]}
43.Kg2 {[%clk 0:28:15]} Kh5 {[%clk 0:23:02]} 44.Kf3 {[%clk 0:27:08]}
Rc4 {[%clk 0:23:27]} 45.h4 {[%clk 0:26:54]} g5 {[%clk 0:22:34]}
46.Rd3 {[%clk 0:26:50]} gxh4 {[%clk 0:23:00]} 47.Rd5+ {[%clk 0:27:19]}
Kg6 {[%clk 0:23:24]} 48.gxh4 {[%clk 0:27:42]} 1/2-1/2

[Event "Team men PL"]
[Site "Sochi"]
[Date "2020.11.26"]
[Round "7.22"]
[White "Chigaev, Maksim"]
[Black "Esipenko, Andrey"]
[Result "1/2-1/2"]
[BlackElo "2683"]
[WhiteElo "2615"]
[LiveChessVersion "1.4.8"]

1.e4 {[%clk 1:30:56]} e5 {[%clk 1:30:48]} 2.Nf3 {[%clk 1:30:35]}
Nf6 {[%clk 1:31:04]} 3.Nc3 {[%clk 1:30:49]} Nc6 {[%clk 1:31:27]}
4.d4 {[%clk 1:31:13]} exd4 {[%clk 1:31:07]} 5.Nxd4 {[%clk 1:31:35]}
Bb4 {[%clk 1:31:33]} 6.Nxc6 {[%clk 1:31:54]} bxc6 {[%clk 1:31:53]}
7.Bd3 {[%clk 1:32:18]} O-O {[%clk 1:31:55]} 8.O-O {[%clk 1:32:41]}
d5 {[%clk 1:32:18]} 9.Bd2 {[%clk 1:33:04]} Rb8 {[%clk 1:26:57]}
10.Re1 {[%clk 1:33:12]} Bg4 {[%clk 1:09:10]} 11.Qc1 {[%clk 1:31:04]}
Re8 {[%clk 0:53:20]} 12.h3 {[%clk 1:30:22]} Bh5 {[%clk 0:49:46]}
13.exd5 {[%clk 1:22:56]} Rxe1+ {[%clk 0:47:25]} 14.Qxe1 {[%clk 1:23:13]}
cxd5 {[%clk 0:47:43]} 15.a3 Bf8 {[%clk 0:43:28]} 16.b4 {[%clk 1:22:10]}
c5 {[%clk 0:37:40]} 17.Bf4 {[%clk 1:16:01]} Rb7 {[%clk 0:35:13]}
18.bxc5 {[%clk 1:10:51]} Bxc5 {[%clk 0:35:25]} 19.Na4 {[%clk 1:04:54]}
Bf8 {[%clk 0:33:29]} 20.Qc3 {[%clk 1:00:13]} Bg6 {[%clk 0:29:36]}
21.Qc6 {[%clk 0:31:04]} Qd7 {[%clk 0:27:40]} 22.Qxd7 {[%clk 0:30:55]}
Rxd7 {[%clk 0:28:02]} 23.Rb1 {[%clk 0:29:40]} Bxd3 {[%clk 0:23:04]}
24.cxd3 {[%clk 0:29:49]} Bxa3 {[%clk 0:21:14]} 25.Rb8+ {[%clk 0:30:10]}
Bf8 {[%clk 0:21:39]} 26.d4 {[%clk 0:19:58]} Re7 {[%clk 0:20:08]}
27.Ra8 {[%clk 0:19:37]} Re8 {[%clk 0:18:26]} 28.Rxa7 {[%clk 0:19:41]}
Re1+ {[%clk 0:16:43]} 29.Kh2 {[%clk 0:20:06]} Ra1 {[%clk 0:17:08]}
30.Ra8 {[%clk 0:18:55]} h5 {[%clk 0:14:58]} 31.g3 {[%clk 0:10:04]}
Ne4 {[%clk 0:12:26]} 32.Kg2 {[%clk 0:10:12]} f6 {[%clk 0:11:00]}
33.Nb6 {[%clk 0:10:31]} Rxa8 {[%clk 0:11:24]} 34.Nxa8 {[%clk 0:10:57]}
Kf7 {[%clk 0:11:43]} 35.Nc7 {[%clk 0:09:43]} g5 {[%clk 0:12:02]}
36.Be3 {[%clk 0:09:55]} Nc3 {[%clk 0:12:29]} 37.Bd2 {[%clk 0:10:19]}
Bd6 {[%clk 0:12:56]} 38.Bxc3 {[%clk 0:10:41]} Bxc7 {[%clk 0:13:23]}
39.g4 {[%clk 0:11:04]} hxg4 {[%clk 0:13:44]} 40.hxg4 {[%clk 0:41:30]}
Ke6 {[%clk 0:44:09]} 1/2-1/2

[Event "Team men PL"]
[Site "Sochi"]
[Date "2020.11.26"]
[Round "7.24"]
[White "Lomasov, Semyon"]
[Black "Grachev, Boris"]
[Result "0-1"]
[BlackElo "2612"]
[WhiteElo "2528"]
[LiveChessVersion "1.4.8"]

1.e4 {[%clk 1:30:55]} e6 {[%clk 1:30:53]} 2.d4 {[%clk 1:30:21]}
d5 {[%clk 1:31:19]} 3.e5 {[%clk 1:28:38]} c5 {[%clk 1:31:16]}
4.c3 {[%clk 1:29:03]} Nc6 {[%clk 1:31:16]} 5.Nf3 {[%clk 1:29:14]}
Bd7 {[%clk 1:31:30]} 6.Be2 {[%clk 1:27:01]} f6 {[%clk 1:29:47]}
7.O-O {[%clk 1:23:27]} fxe5 {[%clk 1:26:31]} 8.Nxe5 {[%clk 1:23:43]}
Nxe5 {[%clk 1:26:44]} 9.dxe5 {[%clk 1:24:09]} Qc7 {[%clk 1:26:46]}
10.f4 {[%clk 1:23:50]} Nh6 {[%clk 1:05:00]} 11.Na3 {[%clk 1:17:11]}
Be7 {[%clk 0:56:52]} 12.Nc2 {[%clk 1:12:29]} O-O {[%clk 0:55:19]}
13.Be3 {[%clk 1:10:29]} Be8 {[%clk 0:47:26]} 14.Bd3 {[%clk 1:01:17]}
Rd8 {[%clk 0:38:43]} 15.Qf3 {[%clk 0:58:27]} Nf5 {[%clk 0:35:37]}
16.Qh3 Bg6 {[%clk 0:34:23]} 17.Bf2 {[%clk 0:52:28]} Qd7 {[%clk 0:27:21]}
18.b3 {[%clk 0:45:04]} h5 {[%clk 0:24:32]} 19.Rad1 {[%clk 0:43:33]}
Qe8 {[%clk 0:24:40]} 20.c4 {[%clk 0:22:48]} d4 {[%clk 0:22:27]}
21.Ne1 {[%clk 0:21:12]} Qf7 {[%clk 0:21:53]} 22.Qf3 {[%clk 0:19:29]}
Rd7 {[%clk 0:18:49]} 23.Be4 {[%clk 0:16:28]} h4 {[%clk 0:14:28]}
24.Qd3 {[%clk 0:13:50]} Bh5 {[%clk 0:13:57]} 25.Nf3 {[%clk 0:13:44]}
h3 {[%clk 0:13:22]} 26.gxh3 {[%clk 0:13:02]} Qg6+ {[%clk 0:13:18]}
27.Kh1 {[%clk 0:13:25]} Qh6 {[%clk 0:13:43]} 28.Qd2 {[%clk 0:02:35]}
Bg6 {[%clk 0:12:39]} 29.Ng5 {[%clk 0:01:49]} Bxg5 {[%clk 0:11:42]}
30.fxg5 {[%clk 0:02:18]} Qxh3 {[%clk 0:11:41]} 31.Bg2 {[%clk 0:02:07]}
Qh5 {[%clk 0:11:20]} 32.Kg1 {[%clk 0:02:00]} Rdf7 {[%clk 0:11:04]}
33.Rde1 {[%clk 0:01:04]} b6 {[%clk 0:09:19]} 34.a3 {[%clk 0:00:35]}
Nh4 {[%clk 0:08:06]} 35.Bxh4 {[%clk 0:00:56]} Qxh4 {[%clk 0:08:25]}
36.Rxf7 {[%clk 0:00:38]} Rxf7 {[%clk 0:08:51]} 37.b4 {[%clk 0:00:38]}
d3 {[%clk 0:07:32]} 38.Qe3 {[%clk 0:00:34]} Rf5 {[%clk 0:05:21]}
39.bxc5 {[%clk 0:00:48]} bxc5 {[%clk 0:05:36]} 40.Bh3 {[%clk 0:30:32]}
Rxg5+ {[%clk 0:33:46]} 41.Kh1 {[%clk 0:30:21]} d2 {[%clk 0:32:37]} 0-1

[Event "Team men PL"]
[Site "Sochi"]
[Date "2020.11.26"]
[Round "7.25"]
[White "Artemiev, Vladislav"]
[Black "Demchenko, Anton"]
[Result "1/2-1/2"]
[BlackElo "2626"]
[WhiteElo "2708"]
[LiveChessVersion "1.4.8"]

1.d4 {[%clk 1:30:45]} Nf6 {[%clk 1:30:52]} 2.g3 {[%clk 1:30:54]}
g6 {[%clk 1:30:27]} 3.Bg2 {[%clk 1:31:11]} Bg7 {[%clk 1:30:48]}
4.e4 {[%clk 1:31:15]} d6 {[%clk 1:31:06]} 5.Nc3 {[%clk 1:31:27]}
O-O {[%clk 1:30:55]} 6.Nge2 {[%clk 1:31:38]} e5 {[%clk 1:31:01]}
7.h3 {[%clk 1:31:06]} Nbd7 {[%clk 1:30:35]} 8.O-O {[%clk 1:29:03]}
b6 {[%clk 1:25:55]} 9.Bg5 {[%clk 1:28:39]} h6 {[%clk 1:25:33]}
10.Be3 {[%clk 1:27:01]} Bb7 {[%clk 1:25:19]} 11.Qd2 {[%clk 1:23:58]}
Kh7 12.d5 a5 {[%clk 1:21:35]} 13.a3 {[%clk 1:21:45]} Ng8 {[%clk 1:15:42]}
14.b4 {[%clk 1:00:06]} Ne7 {[%clk 1:13:52]} 15.Nb5 {[%clk 0:58:03]}
f5 {[%clk 1:09:56]} 16.c4 {[%clk 0:53:23]} Ba6 {[%clk 1:00:32]}
17.Rab1 {[%clk 0:38:43]} axb4 {[%clk 0:57:34]} 18.axb4 {[%clk 0:39:01]}
Bxb5 {[%clk 0:57:43]} 19.cxb5 {[%clk 0:39:18]} Nf6 {[%clk 0:57:54]}
20.f3 {[%clk 0:36:04]} Qd7 {[%clk 0:52:45]} 21.Qd3 {[%clk 0:33:58]}
fxe4 {[%clk 0:34:47]} 22.fxe4 {[%clk 0:34:14]} h5 {[%clk 0:35:07]}
23.Kh1 {[%clk 0:25:42]} Bh6 {[%clk 0:34:28]} 24.Ng1 {[%clk 0:24:49]}
Bxe3 {[%clk 0:33:58]} 25.Qxe3 {[%clk 0:25:14]} Kg7 {[%clk 0:34:21]}
26.Rbc1 {[%clk 0:22:34]} Ra7 {[%clk 0:27:42]} 27.Nf3 {[%clk 0:19:06]}
Nh7 {[%clk 0:27:58]} 28.Qc3 {[%clk 0:14:21]} Kg8 {[%clk 0:17:40]}
29.h4 {[%clk 0:09:01]} Qg4 {[%clk 0:12:34]} 30.Kh2 {[%clk 0:07:27]}
g5 {[%clk 0:11:14]} 31.Nxg5 {[%clk 0:04:36]} Nxg5 {[%clk 0:11:06]}
32.Rxf8+ {[%clk 0:03:32]} Kxf8 {[%clk 0:11:35]} 33.hxg5 {[%clk 0:03:53]}
Qxg5 {[%clk 0:11:39]} 34.Rf1+ {[%clk 0:04:00]} Kg7 {[%clk 0:09:38]}
35.Qf3 {[%clk 0:04:23]} Ra8 {[%clk 0:07:57]} 36.Qf7+ {[%clk 0:03:01]}
Kh8 {[%clk 0:08:25]} 37.Bf3 {[%clk 0:01:16]} h4 {[%clk 0:04:19]}
38.Qh5+ {[%clk 0:01:23]} Qxh5 {[%clk 0:04:44]} 39.Bxh5 {[%clk 0:01:47]}
hxg3+ {[%clk 0:05:01]} 40.Kxg3 {[%clk 0:31:49]} Rg8+ {[%clk 0:35:03]}
41.Bg4 {[%clk 0:29:02]} Rg7 {[%clk 0:33:33]} 42.Rf6 {[%clk 0:23:41]}
Rg6 {[%clk 0:32:44]} 1/2-1/2

[Event "Team men PL"]
[Site "Sochi"]
[Date "2020.11.26"]
[Round "7.26"]
[White "Alekseev, Evgeny"]
[Black "Timofeev, Artyom"]
[Result "1/2-1/2"]
[BlackElo "2585"]
[WhiteElo "2615"]
[LiveChessVersion "1.4.8"]

1.e4 {[%clk 1:30:56]} c5 {[%clk 1:30:20]} 2.Nf3 {[%clk 1:30:49]}
Nc6 {[%clk 1:30:39]} 3.Bb5 {[%clk 1:29:18]} g6 {[%clk 1:30:56]}
4.Bxc6 {[%clk 1:23:39]} dxc6 {[%clk 1:27:37]} 5.h3 {[%clk 1:21:01]}
Bg7 {[%clk 1:27:19]} 6.d3 {[%clk 1:19:40]} Nf6 {[%clk 1:27:01]}
7.Nc3 {[%clk 1:17:05]} Nd7 {[%clk 1:26:34]} 8.O-O {[%clk 1:12:22]}
Nf8 {[%clk 1:20:12]} 9.Ne2 {[%clk 0:58:24]} e5 {[%clk 1:12:42]}
10.a3 {[%clk 0:54:01]} Ne6 {[%clk 1:10:10]} 11.b4 {[%clk 0:50:36]}
O-O {[%clk 1:10:23]} 12.bxc5 {[%clk 0:47:28]} Nxc5 {[%clk 1:10:42]}
13.a4 {[%clk 0:46:11]} Re8 {[%clk 1:10:34]} 14.Be3 {[%clk 0:43:54]}
Ne6 {[%clk 1:00:46]} 15.Qc1 {[%clk 0:32:10]} b6 {[%clk 0:52:10]}
16.Rb1 {[%clk 0:26:53]} c5 {[%clk 0:49:38]} 17.Bh6 {[%clk 0:25:56]}
Bh8 {[%clk 0:47:24]} 18.a5 {[%clk 0:25:30]} b5 {[%clk 0:43:25]}
19.Rxb5 {[%clk 0:25:22]} Ba6 {[%clk 0:43:46]} 20.Rb1 {[%clk 0:20:41]}
c4 {[%clk 0:44:03]} 21.Rd1 {[%clk 0:20:38]} Qxa5 {[%clk 0:36:15]}
22.Ra1 {[%clk 0:19:07]} Qb6 {[%clk 0:33:44]} 23.Qa3 {[%clk 0:19:23]}
cxd3 {[%clk 0:28:09]} 24.cxd3 {[%clk 0:19:42]} Bb5 {[%clk 0:28:28]}
25.Nc3 {[%clk 0:18:36]} Bc6 {[%clk 0:26:19]} 26.Be3 {[%clk 0:11:12]}
Nd4 {[%clk 0:25:06]} 27.Bxd4 {[%clk 0:10:20]} exd4 {[%clk 0:25:30]}
28.Ne2 {[%clk 0:10:11]} a6 {[%clk 0:22:18]} 29.Rab1 {[%clk 0:05:42]}
Bb5 {[%clk 0:22:00]} 30.Nf4 {[%clk 0:06:03]} Rac8 {[%clk 0:19:05]}
31.Nd5 {[%clk 0:05:57]} Qc5 {[%clk 0:19:17]} 32.Qa5 {[%clk 0:05:50]}
Bg7 {[%clk 0:18:10]} 33.Qd2 {[%clk 0:04:37]} Qd6 {[%clk 0:17:38]}
34.Qb4 {[%clk 0:03:44]} Qc5 {[%clk 0:15:27]} 35.Qd2 {[%clk 0:04:10]}
Qd6 {[%clk 0:15:52]} 36.Qb4 {[%clk 0:04:15]} Qc5 {[%clk 0:16:16]}
37.Qd2 {[%clk 0:04:40]} 1/2-1/2

[Event "Team men PL"]
[Site "Sochi"]
[Date "2020.11.26"]
[Round "7.27"]
[White "Gaifullin, Artur"]
[Black "Kokarev, Dmitry"]
[Result "1/2-1/2"]
[BlackElo "2621"]
[WhiteElo "2460"]
[LiveChessVersion "1.4.8"]

1.d4 {[%clk 1:30:57]} Nf6 {[%clk 1:30:51]} 2.c4 {[%clk 1:31:24]}
g6 {[%clk 1:31:12]} 3.Nc3 {[%clk 1:31:50]} Bg7 {[%clk 1:31:33]}
4.e4 {[%clk 1:32:14]} d6 {[%clk 1:31:56]} 5.Nf3 {[%clk 1:32:40]}
O-O {[%clk 1:32:18]} 6.Be2 {[%clk 1:33:07]} e5 {[%clk 1:32:36]}
7.Be3 {[%clk 1:33:32]} Na6 {[%clk 1:31:16]} 8.dxe5 {[%clk 1:33:57]}
dxe5 {[%clk 1:31:37]} 9.c5 {[%clk 1:34:23]} b6 {[%clk 1:23:27]}
10.cxb6 {[%clk 1:34:39]} axb6 {[%clk 1:23:44]} 11.Qxd8 {[%clk 1:35:03]}
Rxd8 {[%clk 1:24:08]} 12.Bc4 {[%clk 1:35:29]} Re8 {[%clk 1:16:38]}
13.O-O-O {[%clk 1:29:57]} Bb7 {[%clk 1:15:21]} 14.a3 {[%clk 1:27:10]}
h6 {[%clk 1:08:05]} 15.Nd2 {[%clk 1:23:30]} Ng4 {[%clk 1:05:51]}
16.Nb3 {[%clk 1:22:09]} Rad8 {[%clk 1:00:46]} 17.Kc2 {[%clk 1:15:18]}
Nxe3+ {[%clk 0:44:37]} 18.fxe3 {[%clk 1:15:47]} Rxd1 {[%clk 0:44:47]}
19.Rxd1 {[%clk 1:16:00]} Kf8 {[%clk 0:44:35]} 20.Nd5 {[%clk 1:09:03]}
Nb8 {[%clk 0:41:41]} 21.Rf1 {[%clk 1:07:01]} Bxd5 {[%clk 0:31:03]}
22.exd5 {[%clk 1:06:26]} Nd7 {[%clk 0:30:57]} 23.Bb5 {[%clk 1:03:31]}
Rd8 {[%clk 0:31:13]} 24.e4 {[%clk 1:03:10]} Ke7 {[%clk 0:29:14]}
25.Nd2 {[%clk 1:01:48]} h5 {[%clk 0:27:25]} 26.b4 {[%clk 1:01:14]}
Nf6 {[%clk 0:22:19]} 27.Bc6 {[%clk 0:53:24]} Bh6 {[%clk 0:17:52]}
28.Re1 {[%clk 0:53:24]} Bxd2 {[%clk 0:12:48]} 29.Kxd2 {[%clk 0:53:03]}
Ne8 {[%clk 0:13:13]} 30.a4 {[%clk 0:51:24]} Nd6 {[%clk 0:13:37]}
31.Kd3 {[%clk 0:44:44]} h4 {[%clk 0:13:30]} 32.h3 {[%clk 0:44:22]}
Rb8 {[%clk 0:13:42]} 33.Kc2 {[%clk 0:36:39]} Nc8 {[%clk 0:11:57]}
34.Bb5 {[%clk 0:31:56]} Nd6 {[%clk 0:12:19]} 35.Bc6 {[%clk 0:30:27]}
Nc8 {[%clk 0:12:39]} 36.Bb5 {[%clk 0:30:55]} Nd6 {[%clk 0:13:03]}
37.Bc6 {[%clk 0:31:22]} Nc8 38.Bb5 Nd6 1/2-1/2

[Event "Team men PL"]
[Site "Sochi"]
[Date "2020.11.26"]
[Round "7.28"]
[White "Petrov, Nikita"]
[Black "Makhmutov, Rail"]
[Result "1/2-1/2"]
[BlackElo "2442"]
[WhiteElo "2577"]
[LiveChessVersion "1.4.8"]

1.e4 {[%clk 1:30:56]} c6 {[%clk 1:30:46]} 2.d4 {[%clk 1:31:05]}
d5 {[%clk 1:31:05]} 3.e5 {[%clk 1:31:23]} Bf5 {[%clk 1:31:07]}
4.h4 {[%clk 1:31:30]} h5 {[%clk 1:31:22]} 5.Bd3 {[%clk 1:31:44]}
Bxd3 {[%clk 1:31:24]} 6.Qxd3 {[%clk 1:32:12]} Qa5+ {[%clk 1:31:10]}
7.Nd2 {[%clk 1:32:24]} e6 {[%clk 1:31:09]} 8.Ngf3 {[%clk 1:32:31]}
Qa6 {[%clk 1:26:31]} 9.c4 {[%clk 1:31:40]} Nh6 {[%clk 1:26:36]}
10.O-O {[%clk 1:30:09]} Nf5 {[%clk 1:26:26]} 11.b3 {[%clk 1:30:26]}
Be7 {[%clk 1:24:43]} 12.a4 {[%clk 1:30:13]} Qa5 {[%clk 1:14:09]}
13.Ba3 {[%clk 1:26:45]} Bxa3 {[%clk 1:10:56]} 14.Rxa3 {[%clk 1:27:09]}
Na6 {[%clk 1:11:18]} 15.g3 {[%clk 1:20:22]} Rd8 {[%clk 1:04:47]}
16.Rc1 {[%clk 0:57:37]} dxc4 {[%clk 0:53:18]} 17.Nxc4 {[%clk 0:44:43]}
Qd5 {[%clk 0:47:12]} 18.Qe2 {[%clk 0:42:45]} O-O {[%clk 0:38:34]}
19.Ne3 {[%clk 0:38:50]} Nxe3 {[%clk 0:21:52]} 20.Qxe3 {[%clk 0:33:57]}
c5 {[%clk 0:20:15]} 21.dxc5 {[%clk 0:31:17]} Rc8 {[%clk 0:20:43]}
22.Raa1 {[%clk 0:24:10]} Nxc5 {[%clk 0:15:38]} 23.b4 {[%clk 0:22:37]}
Na6 {[%clk 0:15:55]} 24.Rd1 {[%clk 0:20:54]} Qc4 {[%clk 0:16:02]}
25.b5 {[%clk 0:16:35]} Nc5 {[%clk 0:14:37]} 26.Ng5 {[%clk 0:14:47]}
b6 {[%clk 0:11:55]} 27.Rd4 {[%clk 0:10:59]} Qc2 {[%clk 0:06:33]}
28.Rc1 {[%clk 0:10:35]} Qf5 {[%clk 0:06:44]} 29.Rcd1 {[%clk 0:10:32]}
f6 {[%clk 0:06:29]} 30.exf6 {[%clk 0:09:42]} gxf6 {[%clk 0:06:25]}
31.Ne4 {[%clk 0:05:01]} Nxe4 {[%clk 0:06:29]} 32.Rxe4 {[%clk 0:05:21]}
e5 {[%clk 0:06:38]} 33.Qb3+ {[%clk 0:05:08]} Kg7 {[%clk 0:06:25]}
34.Rc4 {[%clk 0:05:15]} Rxc4 {[%clk 0:05:58]} 35.Qxc4 {[%clk 0:05:36]}
Rc8 {[%clk 0:06:19]} 36.Qd5 {[%clk 0:05:20]} Kg6 {[%clk 0:05:58]}
37.Rd2 {[%clk 0:04:57]} e4 {[%clk 0:04:24]} 38.Qxf5+ {[%clk 0:02:22]}
Kxf5 {[%clk 0:04:52]} 39.Rd7 {[%clk 0:02:45]} Rc1+ {[%clk 0:03:22]}
40.Kg2 {[%clk 0:33:06]} Rc2 {[%clk 0:33:50]} 41.Rxa7 {[%clk 0:29:18]}
e3 {[%clk 0:33:07]} 42.Kf3 {[%clk 0:27:09]} exf2 {[%clk 0:33:12]}
43.Kg2 {[%clk 0:27:33]} Ra2 {[%clk 0:25:55]} 44.Ra6 {[%clk 0:19:32]}
Kg4 {[%clk 0:25:12]} 45.Rxb6 {[%clk 0:19:27]} f1Q+ {[%clk 0:25:07]}
46.Kxf1 {[%clk 0:19:52]} Rxa4 {[%clk 0:25:31]} 47.Rxf6 {[%clk 0:20:09]}
 1/2-1/2

[Event "Team men PL"]
[Site "Sochi"]
[Date "2020.11.26"]
[Round "7.29"]
[White "Samusenko, Maksim"]
[Black "Zakhartsov, Vladimir"]
[Result "1/2-1/2"]
[BlackElo "2484"]
[WhiteElo "2466"]
[LiveChessVersion "1.4.8"]

1.e4 {[%clk 1:30:52]} e5 {[%clk 1:30:46]} 2.Nf3 {[%clk 1:29:44]}
Nc6 {[%clk 1:31:11]} 3.Nc3 {[%clk 1:29:30]} Nf6 {[%clk 1:31:31]}
4.d4 {[%clk 1:29:17]} exd4 {[%clk 1:31:31]} 5.Nxd4 {[%clk 1:29:39]}
Bb4 {[%clk 1:31:45]} 6.Nxc6 {[%clk 1:29:45]} bxc6 {[%clk 1:32:06]}
7.Bd3 {[%clk 1:30:10]} d5 {[%clk 1:32:16]} 8.exd5 {[%clk 1:30:02]}
O-O {[%clk 1:32:37]} 9.O-O {[%clk 1:30:09]} cxd5 {[%clk 1:32:52]}
10.h3 {[%clk 1:25:50]} h6 {[%clk 1:27:16]} 11.Qf3 {[%clk 1:23:51]}
c6 {[%clk 1:26:41]} 12.Bf4 {[%clk 1:20:16]} Bd6 {[%clk 1:26:51]}
13.Rfe1 {[%clk 1:15:31]} Rb8 {[%clk 1:25:38]} 14.b3 {[%clk 1:14:54]}
Rb4 {[%clk 1:25:17]} 15.Ne2 {[%clk 1:12:29]} Bxf4 {[%clk 1:22:26]}
16.Nxf4 {[%clk 1:12:53]} Qd6 {[%clk 1:22:39]} 17.Ne2 {[%clk 1:06:57]}
a5 {[%clk 1:20:14]} 18.Rad1 {[%clk 1:03:50]} Bd7 {[%clk 1:19:42]}
19.Qg3 {[%clk 0:48:46]} Qxg3 {[%clk 1:17:35]} 20.Nxg3 {[%clk 0:49:03]}
Rbb8 {[%clk 1:17:37]} 21.c4 {[%clk 0:47:41]} g6 {[%clk 1:15:41]}
22.Ne2 {[%clk 0:45:23]} Rfe8 {[%clk 1:12:50]} 23.Nc3 {[%clk 0:41:49]}
Rxe1+ {[%clk 1:10:07]} 24.Rxe1 {[%clk 0:42:15]} Be6 {[%clk 1:02:28]}
25.cxd5 {[%clk 0:38:57]} Nxd5 {[%clk 1:02:20]} 26.Nxd5 {[%clk 0:30:32]}
Bxd5 {[%clk 1:02:30]} 27.Rc1 {[%clk 0:28:11]} Rb4 {[%clk 1:00:31]}
28.Rc3 {[%clk 0:24:42]} a4 {[%clk 1:00:28]} 29.bxa4 {[%clk 0:24:26]}
Rxa4 {[%clk 1:00:10]} 30.a3 {[%clk 0:24:27]} Kf8 {[%clk 0:59:47]}
31.f3 {[%clk 0:23:22]} Ke7 {[%clk 0:59:26]} 32.Kf2 {[%clk 0:23:45]}
Kd6 {[%clk 0:59:20]} 33.Ke3 {[%clk 0:18:45]} Ra7 {[%clk 0:58:44]}
34.Bc2 {[%clk 0:15:22]} c5 {[%clk 0:57:31]} 35.Bd3 {[%clk 0:10:39]}
c4 {[%clk 0:53:49]} 36.Bxc4 {[%clk 0:10:56]} Bxc4 {[%clk 0:54:14]}
37.Rxc4 {[%clk 0:11:20]} Rxa3+ {[%clk 0:54:41]} 38.Kf2 {[%clk 0:11:42]}
Ke6 {[%clk 0:55:02]} 39.h4 {[%clk 0:11:58]} h5 {[%clk 0:55:25]}
40.Kg3 {[%clk 0:42:21]} Kf6 {[%clk 1:25:51]} 1/2-1/2

[Event "Team men PL"]
[Site "Sochi"]
[Date "2020.11.26"]
[Round "7.30"]
[White "Novikov, Stanislav"]
[Black "Faizrakhmanov, Ramil"]
[Result "1/2-1/2"]
[BlackElo "2450"]
[WhiteElo "2527"]
[LiveChessVersion "1.4.8"]

1.e4 {[%clk 1:30:57]} c6 {[%clk 1:30:47]} 2.d4 {[%clk 1:30:41]}
d5 {[%clk 1:31:05]} 3.exd5 {[%clk 1:30:16]} cxd5 {[%clk 1:31:26]}
4.c4 {[%clk 1:30:26]} Nf6 {[%clk 1:31:08]} 5.Nc3 {[%clk 1:29:58]}
e6 {[%clk 1:31:10]} 6.Nf3 {[%clk 1:29:49]} Be7 {[%clk 1:30:59]}
7.cxd5 {[%clk 1:28:55]} Nxd5 {[%clk 1:30:41]} 8.Bd3 {[%clk 1:28:19]}
Nc6 {[%clk 1:30:35]} 9.O-O {[%clk 1:28:37]} O-O {[%clk 1:30:44]}
10.Re1 {[%clk 1:28:49]} Bf6 {[%clk 1:28:52]} 11.Be4 {[%clk 1:28:42]}
Nce7 {[%clk 1:28:02]} 12.Qd3 {[%clk 1:29:01]} h6 {[%clk 1:26:32]}
13.Ne5 {[%clk 1:25:16]} Bd7 {[%clk 1:23:54]} 14.Ng4 {[%clk 1:08:41]}
Bc6 {[%clk 1:23:11]} 15.Qg3 {[%clk 0:52:06]} h5 {[%clk 1:21:06]}
16.Nxd5 {[%clk 0:21:40]} Nxd5 {[%clk 1:19:30]} 17.Nxf6+ {[%clk 0:14:53]}
Qxf6 {[%clk 1:17:19]} 18.Bxd5 {[%clk 0:08:45]} Bxd5 {[%clk 1:00:54]}
19.Re5 {[%clk 0:09:10]} h4 {[%clk 1:00:21]} 20.Qg4 {[%clk 0:06:23]}
Rac8 {[%clk 0:59:21]} 21.Be3 {[%clk 0:06:05]} Rc2 {[%clk 0:57:42]}
22.b3 {[%clk 0:05:06]} Rfc8 {[%clk 0:55:48]} 23.Rh5 {[%clk 0:04:04]}
R8c3 {[%clk 0:52:21]} 24.Qxh4 {[%clk 0:02:42]} Qxh4 {[%clk 0:52:36]}
25.Rxh4 {[%clk 0:03:10]} Bxg2 {[%clk 0:52:18]} 26.Kxg2 {[%clk 0:02:14]}
Rxe3 {[%clk 0:52:40]} 27.Rf4 {[%clk 0:01:45]} Rd3 {[%clk 0:52:35]}
28.Re1 {[%clk 0:01:02]} b6 {[%clk 0:52:23]} 29.a4 {[%clk 0:00:57]}
Rcc3 {[%clk 0:51:40]} 30.a5 {[%clk 0:00:39]} Rxb3 {[%clk 0:50:21]}
31.axb6 {[%clk 0:01:02]} Rxb6 {[%clk 0:47:59]} 32.Ra1 {[%clk 0:00:39]}
Rb7 {[%clk 0:48:15]} 33.Ra5 {[%clk 0:00:45]} Rd7 {[%clk 0:47:46]}
34.h3 {[%clk 0:00:37]} g6 {[%clk 0:45:41]} 35.Re4 {[%clk 0:00:32]}
Kg7 {[%clk 0:46:01]} 36.Re2 {[%clk 0:00:32]} Rb3 {[%clk 0:38:36]}
37.Rea2 {[%clk 0:00:43]} Rbb7 {[%clk 0:38:34]} 38.R2a4 {[%clk 0:00:54]}
Kf6 {[%clk 0:38:36]} 39.h4 {[%clk 0:00:38]} Ke7 {[%clk 0:37:04]}
40.h5 {[%clk 0:30:36]} gxh5 {[%clk 1:05:45]} 41.Rxh5 {[%clk 0:29:31]}
Rd5 {[%clk 1:00:25]} 42.Rxd5 {[%clk 0:25:18]} exd5 {[%clk 1:00:50]}
43.Kf3 {[%clk 0:25:37]} Kd6 {[%clk 0:59:30]} 44.Ra6+ {[%clk 0:25:37]}
Kc7 {[%clk 0:59:45]} 45.Kf4 {[%clk 0:25:09]} Kb8 {[%clk 0:59:25]}
46.Ke5 {[%clk 0:21:13]} Rd7 {[%clk 0:57:20]} 47.Ra1 {[%clk 0:13:40]}
Kb7 {[%clk 0:57:19]} 48.Rb1+ {[%clk 0:12:19]} Kc6 {[%clk 0:57:32]}
49.Rc1+ {[%clk 0:12:16]} Kb5 {[%clk 0:56:48]} 50.Rb1+ {[%clk 0:12:22]}
Kc4 {[%clk 0:53:58]} 51.Rc1+ {[%clk 0:12:20]} Kd3 {[%clk 0:53:03]}
52.Ra1 {[%clk 0:10:28]} f6+ {[%clk 0:40:42]} 53.Kxf6 {[%clk 0:07:28]}
Kxd4 {[%clk 0:40:59]} 54.Ke6 {[%clk 0:07:44]} Rd8 {[%clk 0:40:19]}
55.f4 {[%clk 0:07:39]} Re8+ {[%clk 0:19:45]} 56.Kd6 {[%clk 0:07:09]}
Rd8+ {[%clk 0:19:50]} 57.Ke6 {[%clk 0:06:37]} Ke4 {[%clk 0:19:44]}
58.f5 {[%clk 0:05:26]} Re8+ {[%clk 0:19:36]} 59.Kd6 {[%clk 0:03:37]}
Rf8 {[%clk 0:19:28]} 60.Ke6 {[%clk 0:03:28]} d4 {[%clk 0:16:55]}
61.f6 {[%clk 0:03:48]} d3 {[%clk 0:16:08]} 1/2-1/2